| 000 | 00599nam a22001817a 4500 | ||
|---|---|---|---|
| 005 | 20230310030904.0 | ||
| 008 | 230310b |||||||| |||| 00| 0 eng d | ||
| 020 | _a971-1055-52-X | ||
| 082 | _aG,S 515.35 1989 | ||
| 100 |
_aRainville, Earl D., _eauthor. |
||
| 245 |
_aElementary differential equations / _cEarl D. Rainville, Phillip E. Bedient. |
||
| 260 |
_aNew York : _bMacmillan Publishing, _cc1989. |
||
| 300 | _axiii, 546p. | ||
| 504 | _aIncludes index. | ||
| 541 | _e775 c.1, 776 c.2, 777 c.3, 778 c.4, 779 c.5 | ||
| 650 | _aDifferential equations. | ||
| 700 |
_aBedient, Phillip E., _eauthor. |
||
| 999 |
_c1703 _d1703 |
||